| 000 | 00387nam a2200133Ia 4500 | ||
|---|---|---|---|
| 008 | 191014s9999 xx 000 0 und d | ||
| 020 | _a3-540-90314-3 | ||
| 082 |
_a531.01515 _bARN |
||
| 100 |
_aV. I. Arnold _920400 |
||
| 245 | 0 | _aGraduate Texts in Mathematics Mathematical Methods of Classical Mechanics | |
| 260 |
_aBerlin _bSpringer-Verlag _c1978 |
||
| 300 | _aX,462 | ||
| 942 | _cBK | ||
| 999 |
_c530980 _d530980 |
||